Medical collage Entrance Exam (Record no. 93665)

MARC details
000 -LEADER
fixed length control field 00277pam a2200121 a 4500
020 ## - INTERNATIONAL STANDARD BOOK NUMBER
Terms of availability
041 ## - LANGUAGE CODE
Language code of text/sound track or separate title eng
100 ## - MAIN ENTRY--PERSONAL NAME
Personal name Saxena Ved .
245 ## - TITLE STATEMENT
Title Medical collage Entrance Exam
Medium Textual Documents
250 ## - EDITION STATEMENT
Edition statement 1996.
260 ## - PUBLICATION, DISTRIBUTION, ETC.
Place of publication, distribution, etc. Delhji :
Name of publisher, distributor, etc. Young Man 888 NAT .
930 ## - EQUIVALENCE OR CROSS-REFERENCE-UNIFORM TITLE HEADING [LOCAL, CANADA]
Uniform title 16765
Holdings
Withdrawn status Lost status Damaged status Not for loan Collection Home library Current library Date acquired Cost, normal purchase price Total Checkouts Full call number Barcode Date last seen Copy number Price effective from Koha item type
          Yashwantrao Mohite College of Arts, Science And Commerce, Pune Yashwantrao Mohite College of Arts, Science And Commerce, Pune 16/03/2022 275.00   YMP-13677 24/02/2023 1 24/02/2023 Book